000 00484 a2200169 4500
005 20250430150047.0
020 _a0-07-246974-9
082 _a658.15 R0S
100 _aROSS, S. A.
245 _aFundamentals of Corporate Finance.
250 _a6th Ed
260 _aNew York,
_bMcGraw-Hall,
_c2003.
300 _aXxxi, 821p.: ill.; figure
_bIndex
_c26cm.
700 _aWESTERFIELD, R.W & JORDAN, B. D.
856 _yAccess Online Book
_fFinance
_dhttp://www.mhhe.com
942 _2ddc
_cBKS
999 _c1844
_d1844